ARRUPE JESUIT UNIVERSITY

CORONAVIRUS -STOP THE SPREAD - CLEAN,DISINFECT,COVER

Philosophie et réalité : (Record no. 118941)

MARC details
000 -LEADER
fixed length control field 01002cam a2200301 a 4500
001 - CONTROL NUMBER
control field 4233858
003 - CONTROL NUMBER IDENTIFIER
control field ARRUPE
005 - DATE AND TIME OF LATEST TRANSACTION
control field 20131203132518.0
008 - FIXED-LENGTH DATA ELEMENTS--GENERAL INFORMATION
fixed length control field 830301m19822003fr c b 000 0 fre
010 ## - LIBRARY OF CONGRESS CONTROL NUMBER
LC control number 82196873
020 ## - INTERNATIONAL STANDARD BOOK NUMBER
International Standard Book Number 2701010470 (v. 1)
020 ## - INTERNATIONAL STANDARD BOOK NUMBER
International Standard Book Number 270101445X (v. 2)
040 ## - CATALOGING SOURCE
Original cataloging agency DLC
Transcribing agency DLC
Modifying agency DLC
-- OCoLC
050 00 - LIBRARY OF CONGRESS CALL NUMBER
Classification number B2430
Item number .W461 1982
082 00 - DEWEY DECIMAL CLASSIFICATION NUMBER
Classification number 100
Edition number 19
300 ## - PHYSICAL DESCRIPTION
Other physical details port. ;
Dimensions 22 cm.
100 1# - MAIN ENTRY--PERSONAL NAME
Personal name Weil, Eric.
9 (RLIN) 4712
245 10 - TITLE STATEMENT
Title Philosophie et réalité :
Remainder of title derniers essais et conférences /
Statement of responsibility, etc Eric Weil.
260 ## - PUBLICATION, DISTRIBUTION, ETC. (IMPRINT)
Place of publication, distribution, etc Paris :
Name of publisher, distributor, etc Beauchesne,
Date of publication, distribution, etc c1982-c2003.
300 ## - PHYSICAL DESCRIPTION
Extent 2 v. :
440 #0 - SERIES STATEMENT/ADDED ENTRY--TITLE
Title Bibliothèque des archives de philosophie ;
Volume number/sequential designation nouv. sér., 37
9 (RLIN) 4713
490 1# - SERIES STATEMENT
Series statement Collection "La grenier à sel"
500 ## - GENERAL NOTE
General note Subtitle for vol. 2: Inédits suivis de le cas Heidegger.
504 ## - BIBLIOGRAPHY, ETC. NOTE
Bibliography, etc Includes bibliographical references.
650 #0 - SUBJECT ADDED ENTRY--TOPICAL TERM
Topical term or geographic name as entry element Philosophy.
9 (RLIN) 4714
830 #0 - SERIES ADDED ENTRY--UNIFORM TITLE
Uniform title Grenier à sel.
9 (RLIN) 4715
906 ## - LOCAL DATA ELEMENT F, LDF (RLIN)
a 7
b cbc
c orignew
d 3
e ncip
f 19
g y-gencatlg
942 ## - ADDED ENTRY ELEMENTS (KOHA)
Source of classification or shelving scheme Library of Congress Classification
Koha item type Monograph ( Printed materials)
Holdings
Withdrawn status Lost status Source of classification or shelving scheme Damaged status Not for loan Home library Current library Shelving location Date acquired Total Checkouts Full call number Barcode Date last seen Price effective from Koha item type
    Library of Congress Classification     ARRUPE LIBRARY ARRUPE LIBRARY Main Collection 03/12/2013   B2430 .W461 1982 464123670 03/12/2013 03/12/2013 Monograph ( Printed materials)

 

Arrupe Library. PO Box MP320 Mt Pleasant, Harare, Zimbabwe
263 242 745411|librarian@aju.ac.zw